<?xml version="1.0" encoding="UTF-8"?><?xml-stylesheet type="text/xsl" href="static/style.xsl"?><OAI-PMH xmlns="http://www.openarchives.org/OAI/2.0/" xmlns:xsi="http://www.w3.org/2001/XMLSchema-instance" xsi:schemaLocation="http://www.openarchives.org/OAI/2.0/ http://www.openarchives.org/OAI/2.0/OAI-PMH.xsd"><responseDate>2026-04-27T20:15:10Z</responseDate><request verb="GetRecord" identifier="oai:uvadoc.uva.es:10324/62079" metadataPrefix="marc">https://uvadoc.uva.es/oai/request</request><GetRecord><record><header><identifier>oai:uvadoc.uva.es:10324/62079</identifier><datestamp>2023-10-18T19:02:48Z</datestamp><setSpec>com_10324_38</setSpec><setSpec>col_10324_852</setSpec></header><metadata><record xmlns="http://www.loc.gov/MARC21/slim" xmlns:doc="http://www.lyncode.com/xoai" xmlns:xsi="http://www.w3.org/2001/XMLSchema-instance" xmlns:dcterms="http://purl.org/dc/terms/" xsi:schemaLocation="http://www.loc.gov/MARC21/slim http://www.loc.gov/standards/marcxml/schema/MARC21slim.xsd">
<leader>00925njm 22002777a 4500</leader>
<datafield tag="042" ind1=" " ind2=" ">
<subfield code="a">dc</subfield>
</datafield>
<datafield tag="720" ind1=" " ind2=" ">
<subfield code="a">Ramos Ferreras, Andrea</subfield>
<subfield code="e">author</subfield>
</datafield>
<datafield tag="260" ind1=" " ind2=" ">
<subfield code="c">2023</subfield>
</datafield>
<datafield tag="520" ind1=" " ind2=" ">
<subfield code="a">Conocer el cuerpo humano es fundamental desde las primeras edades para conseguir la noción del esquema corporal y desarrollar una autoimagen positiva y real, aceptando las diferencias con los otros. Además, es importante conocer el funcionamiento del cuerpo humano para saber las posibilidades y limitaciones de este, así como cuidarlo con buenos hábitos saludables.&#xd;
Para concienciar sobre la importancia de conocer el cuerpo humano, se plantea una situación de aprendizaje con quince actividades lúdicas y experimentales adaptadas a un alumnado matriculado en el segundo curso de Educación Infantil</subfield>
</datafield>
<datafield tag="024" ind2=" " ind1="8">
<subfield code="a">https://uvadoc.uva.es/handle/10324/62079</subfield>
</datafield>
<datafield tag="245" ind1="0" ind2="0">
<subfield code="a">Importancia de conocer el cuerpo humano en educación infantil</subfield>
</datafield>
</record></metadata></record></GetRecord></OAI-PMH>